Представление документа в формате RUSMARC

ПолеНазваниеЗначение
  Тип записи a
  Библиографический уровень m
001 Контрольный номер RU/REG73/CBS_GRAD/1/712806094
005 Дата корректировки 20221122154833.9
010 Индекс ISBN __
a ISBN 978-5-17-145182-0
101 Язык документа __
a Язык текста rus
200 Заглавие и сведения об ответственности __
a Заглавие 1000 строк о любви
f Первые сведения об ответственности Фёдор Иванович Тютчев, Марина Цветаева и др.
b Общее обозначение материала Текст
203 Вид содержания и тип средства __
a Вид содержания Текст (визуальный) : непосредственный
205 Сведения об издании __
a Основные сведения об издании 3-е издание, дополненное
210 Выходные данные __
a Место издания Москва
c Издательство АСТ
d Дата издания 2022
215 Физическое описание __
a Объем 224 с.
225 Серия __
a Серия Великая поэзия
333 Примечание о целевом назначении __
a Примечание о целевом назначении 12+
686 Индексы других классификаций __
a Классификационный индекс 84(2 Рос=Рус)
700 Автор __
a Фамилия Тютчев
g Полное личное имя Федор Иванович
801 Источник записи _0
a Страна RU
b Организация RuCBSGrad
g Правила каталогизации PSBO
801 Источник записи _1
a Страна RU
b Организация RuCBSGrad
g Правила каталогизации PSBO
901 Тип документа __
t Тип документа m
981 __
b i
2 isbdcontent
g e
982 __
b n
2 isbdmedia